| Поле | Название | Значение |
| |
Тип записи |
c |
| |
Библиографический уровень |
m |
| 001 |
Контрольный номер |
RU/УОНБ/EK_N/369828537 |
| 005 |
Дата корректировки |
20241129154232.8 |
| 010 |
Индекс ISBN |
__ |
| 9 |
Тираж |
500 экз. |
| 013 |
Номер (ISMN) |
__ |
| a |
Номер (ISMN) |
978-5-9720-0022-7 |
| d |
Цена |
175 р. 50 к. |
| 071 |
Издательские номер (звукозапись и ноты) |
21 |
| a |
Номер, присвоенный агентством |
0028 |
| 100 |
Данные общей обработки |
__ |
| a |
Данные общей обработки |
20110920d2010 u y0rusy0189 ca |
| 101 |
Язык документа |
0_ |
| a |
Язык текста |
rus |
| 102 |
Страна публикации |
__ |
| a |
Страна публикации |
RU |
| 125 |
Кодированные данные звукозаписи и нотных изданий |
__ |
| a |
Форма изложения нотного текста |
с| |
| 128 |
Кодированные данные (звукозаписи-физические характеристики) |
__ |
| a |
Кодированные данные: Музыкальная форма и тональность или лад |
zz |
| c |
Инструменты или голоса, рекомендуемые для солистов (устаревшее) |
ka|| |
| 200 |
Заглавие и сведения об ответственности |
1_ |
| a |
Заглавие |
Вып. 2 |
| 210 |
Выходные данные |
1_ |
| d |
Дата издания |
2009 |
| 215 |
Физическое описание |
__ |
| a |
Объем |
24 c. |
| 300 |
Общие примечания |
__ |
| a |
Общие примечания |
Загл. и текст парал. рус., англ. |
| 327 |
Примечание о содержании |
11 |
| a |
Примечание о содержании |
Содерж.: Фильд Д. Ноктюрн. - Шимановская М. Прелюдия. - Грибоедов А. Вальс. - Ласковский И. Баркарола. - Одоевский В. Колыбельная песня : песня без слов. - Глинка М. Разлука : ноктюрн. - Кажиньский В. Во саду ли в огороде : небольшая фантазия на рус. песню. - Рубинштейн А. Романс : ор. 44 № 1. - Кюи Ц. Непринужденная беседа : этюд : из сюиты "В Аржанто". - Балакирев М. Мазурка № 2. - Бородин А. В монастыре : из "Маленькой сюиты". - Мусоргский М. Раздумье : листок из альбома. - Чайковский П. Ноктюрн : ор. 19 № 4. - Римский -Корсаков Н. Романс. - Лядов А. Прелюдия : ор. 40 № 3. - Ляпунов С. Осенняя песня : ор. 26. - Аренский А. Элегия : ор. 53 № 3. - Блуменфельд Ф. Колыбельная : ор. 23 № 3. - Глазунов А. Миниатюра. - Ребиков В. Вальс : из "Альбома легких пьес для юношества". - Калинников В. Грустная песенка. - Скрябин А. Прелюдия : ор. 11 № 9. |
| 461 |
Уровень набора |
_0 |
| 1 |
|
2001 |
| a |
|
Русская фортепианная музыка |
| d |
|
Russian piano music |
| v |
|
Вып. 2 |
| 1 |
|
2101 |
| a |
|
Москва |
| c |
|
П. Юргенсон |
| d |
|
2010 |
| 1 |
|
001RU/УОНБ/EK_N/369826258 |
| 464 |
Аналитический уровень |
_0 |
| 1 |
|
2001 |
| a |
|
Ноктюрн |
| 1 |
|
700 1 |
| a |
|
Фильд |
| b |
|
Д. |
| 4 |
|
230 |
| 464 |
Аналитический уровень |
_0 |
| 1 |
|
2001 |
| a |
|
Прелюдия |
| 1 |
|
700 1 |
| a |
|
Шимановская |
| b |
|
М. |
| 4 |
|
230 |
| 464 |
Аналитический уровень |
_0 |
| 1 |
|
2001 |
| a |
|
Вальс |
| 1 |
|
700 1 |
| a |
|
Грибоедов |
| b |
|
А. |
| 4 |
|
230 |
| 464 |
Аналитический уровень |
_0 |
| 1 |
|
2001 |
| a |
|
Баркарола |
| 1 |
|
700 1 |
| a |
|
Ласковский |
| b |
|
И. |
| 4 |
|
230 |
| 464 |
Аналитический уровень |
_0 |
| 1 |
|
2001 |
| a |
|
Колыбельная песня |
| e |
|
песня без слов |
| 1 |
|
700 1 |
| a |
|
Одоевский |
| b |
|
В. |
| 4 |
|
230 |
| 464 |
Аналитический уровень |
_0 |
| 1 |
|
2001 |
| a |
|
Разлука |
| e |
|
ноктюрн |
| 1 |
|
700 1 |
| a |
|
Глинка |
| b |
|
М. |
| 4 |
|
230 |
| 464 |
Аналитический уровень |
_0 |
| 1 |
|
2001 |
| a |
|
Во саду ли в огороде |
| e |
|
небольшая фантазия на рус. песню |
| 1 |
|
700 1 |
| a |
|
Кажиньский |
| b |
|
В. |
| 4 |
|
230 |
| 464 |
Аналитический уровень |
_0 |
| 1 |
|
2001 |
| a |
|
Романс |
| e |
|
ор. 44 № 1 |
| 1 |
|
700 1 |
| a |
|
Рубинштейн |
| b |
|
А. |
| 4 |
|
230 |
| 464 |
Аналитический уровень |
_0 |
| 1 |
|
2001 |
| a |
|
Непринужденная беседа |
| e |
|
этюд |
| e |
|
из сюиты "В Аржанто" |
| 1 |
|
700 1 |
| a |
|
Кюи |
| b |
|
Ц. |
| 4 |
|
230 |
| 1 |
|
50010 |
| a |
|
В Аржанто |
| 464 |
Аналитический уровень |
_0 |
| 1 |
|
2001 |
| a |
|
Мазурка № 2 |
| 1 |
|
700 1 |
| a |
|
Балакирев |
| b |
|
М. |
| 4 |
|
230 |
| 464 |
Аналитический уровень |
_0 |
| 1 |
|
2001 |
| a |
|
В монастыре |
| e |
|
из "Маленькой сюиты" |
| 1 |
|
700 1 |
| a |
|
Бородин |
| b |
|
А. |
| 4 |
|
230 |
| 1 |
|
50010 |
| a |
|
Маленькая сюита |
| 464 |
Аналитический уровень |
_0 |
| 1 |
|
2001 |
| a |
|
Раздумье |
| e |
|
листок из альбома |
| 1 |
|
700 1 |
| a |
|
Мусоргский |
| b |
|
М. |
| 4 |
|
230 |
| 464 |
Аналитический уровень |
_0 |
| 1 |
|
2001 |
| a |
|
Ноктюрн |
| e |
|
ор. 19 № 4 |
| 1 |
|
700 1 |
| a |
|
Чайковский |
| b |
|
П. |
| 4 |
|
230 |
| 464 |
Аналитический уровень |
_0 |
| 1 |
|
2001 |
| a |
|
Романс |
| 1 |
|
700 1 |
| a |
|
Римский-Корсаков |
| b |
|
Н. |
| 4 |
|
230 |
| 464 |
Аналитический уровень |
_0 |
| 1 |
|
2001 |
| a |
|
Прелюдия |
| e |
|
ор. 40 № 3 |
| 1 |
|
700 1 |
| a |
|
Лядов |
| b |
|
А. |
| 4 |
|
230 |
| 464 |
Аналитический уровень |
_0 |
| 1 |
|
2001 |
| a |
|
Осенняя песня |
| e |
|
ор. 26 |
| 1 |
|
700 1 |
| a |
|
Ляпунов |
| b |
|
С. |
| 4 |
|
230 |
| 464 |
Аналитический уровень |
_0 |
| 1 |
|
2001 |
| a |
|
Элегия |
| e |
|
ор. 53 № 3 |
| 1 |
|
700 1 |
| a |
|
Аренский |
| b |
|
А. |
| 4 |
|
230 |
| 464 |
Аналитический уровень |
_0 |
| 1 |
|
2001 |
| a |
|
Колыбельная |
| e |
|
ор. 23 № 3 |
| 1 |
|
700 1 |
| a |
|
Блуменфельд |
| b |
|
Ф. |
| 4 |
|
230 |
| 464 |
Аналитический уровень |
_0 |
| 1 |
|
2001 |
| a |
|
Миниатюра |
| 1 |
|
700 1 |
| a |
|
Глазунов |
| b |
|
А. |
| 4 |
|
230 |
| 464 |
Аналитический уровень |
_0 |
| 1 |
|
2001 |
| a |
|
Вальс |
| e |
|
из "Альбома легких пьес для юношества" |
| 1 |
|
700 1 |
| a |
|
Ребиков |
| b |
|
В. |
| 4 |
|
230 |
| 1 |
|
50010 |
| a |
|
Альбом легких пьес для юношества |
| 464 |
Аналитический уровень |
_0 |
| 1 |
|
2001 |
| a |
|
Грустная песенка |
| 1 |
|
700 1 |
| a |
|
Калинников |
| b |
|
В. |
| 4 |
|
230 |
| 464 |
Аналитический уровень |
_0 |
| 1 |
|
2001 |
| a |
|
Прелюдия |
| e |
|
ор. 11 № 9 |
| 1 |
|
700 1 |
| a |
|
Скрябин |
| b |
|
А. |
| 4 |
|
230 |
| 606 |
Тематические рубрики |
0_ |
| a |
Основная рубрика |
Фортепианная музыка русская |
| 610 |
Ключевые слова |
0_ |
| a |
Ключевые слова |
фортепиано |
| 686 |
Индексы других классификаций |
__ |
| a |
Классификационный индекс |
85.954.2-058.8я43 |
| 2 |
Код системы |
rubbk |
| 801 |
Источник записи |
_0 |
| a |
Страна |
RU |
| b |
Организация |
Ульяновская ОНБ |
| c |
Дата составления |
20110920 |
| g |
Правила каталогизации |
RCR |
| 801 |
Источник записи |
_1 |
| a |
Страна |
RU |
| b |
Организация |
Ульяновская ОНБ |
| c |
Дата составления |
20110920 |
| g |
Правила каталогизации |
RCR |
| 901 |
Тип документа |
__ |
| t |
Тип документа |
n |
| w |
Контрольный № источника |
RU/УОНБ/EK_N/369826258 |
| 909 |
Создатель записи |
__ |
| a |
Создатель записи |
Никитина Т. А. |